[Event "40th Olympiad Open"]
[Site "Istanbul TUR"]
[Date "2012.09.06"]
[Round "9.5"]
[Board "3"]
[White "Eljanov, Pavel"]
[Black "Edouard, Romain"]
[Result "1/2-1/2"]
[WhiteTitle "GM"]
[BlackTitle "GM"]
[WhiteElo "2693"]
[BlackElo "2652"]
[WhiteTeam "Ukraine"]
[BlackTeam "France"]
[WhiteFideId "14102951"]
[BlackFideId "633429"]
[EventDate "2012.08.28"]

1. c4 e5 2. g3 Nf6 3. Bg2 c6 4. d4 e4 5. Nc3 d5 6. cxd5 cxd5 7. Bg5 Bb4 8. Rc1
Nbd7 9. Nh3 h6 10. Bd2 Bxc3 11. Rxc3 O-O 12. O-O Qb6 13. Qc2 Qxd4 14. Rd1 Qe5
15. Bf4 Qe7 16. Rc7 Qd8 17. Bd6 Re8 18. Nf4 Nb6 19. Ba3 Rb8 20. b3 Bf5 21. e3
Bd7 22. Rc3 Bc6 23. Bc5 Ra8 24. Bd4 Nbd7 25. Qb2 Qe7 26. Rc2 Qd6 27. Rdc1 Ne5
28. Bxe5 Rxe5 29. Qd4 Ree8 30. Bh3 Nh7 31. Qc5 Qxc5 32. Rxc5 Ng5 33. Bg4 Ne6 34.
R5c2 Nxf4 35. gxf4 Rad8 36. Rd2 g6 37. b4 a6 38. h4 Rd6 39. Be2 Red8 40. Rd4 Kg7
41. f3 Kf6 42. Kf2 Ke7 43. Bd1 Rg8 44. Bb3 exf3 45. Kxf3 g5 46. Rg1 f6 47. Rg2
Rdd8 48. hxg5 fxg5 49. a4 gxf4 50. Rxg8 Rxg8 51. b5 axb5 52. axb5 Bxb5 53. Bxd5
Rb8 54. Kxf4 Bc6 55. Bxc6 bxc6 56. e4 h5 57. Ra4 Rh8 58. Ke5 Rh6 59. Ra7+ Kd8
60. Kf5 h4 61. Kg5 Re6 62. Kf5 Rh6 63. Kg5 Rd6 64. Rh7 c5 65. Rxh4 c4 66. e5 Rc6
67. Kf4 c3 68. Rh1 c2 69. Rc1 Ke7 70. Ke4 Ke6 71. Kd3 Kxe5 72. Rxc2 Rxc2 73.
Kxc2 1/2-1/2

[Event "40th Olympiad Open"]
[Site "Istanbul TUR"]
[Date "2012.09.06"]
[Round "9.5"]
[Board "4"]
[White "Bauer, Christian"]
[Black "Moiseenko, Alexander"]
[Result "0-1"]
[WhiteTitle "GM"]
[BlackTitle "GM"]
[WhiteElo "2682"]
[BlackElo "2706"]
[WhiteTeam "France"]
[BlackTeam "Ukraine"]
[WhiteFideId "603767"]
[BlackFideId "14102560"]
[EventDate "2012.08.28"]

1. e4 c5 2. Nf3 Nc6 3. d4 cxd4 4. Nxd4 Nf6 5. Nc3 e5 6. Ndb5 d6 7. Bg5 a6 8. Na3
b5 9. Nd5 Be7 10. Bxf6 Bxf6 11. c4 b4 12. Nc2 O-O 13. Be2 a5 14. O-O Bg5 15. Qd3
Be6 16. Rad1 Kh8 17. Bf3 g6 18. b3 Ra7 19. Qe2 Rd7 20. Rd3 Nb8 21. a3 bxa3 22.
Nxa3 Na6 23. Rdd1 Nc5 24. Qc2 f5 25. Nb5 Bh6 26. Ndc3 Qb6 27. exf5 Bxf5 28. Qe2
Nxb3 29. Na4 Qb8 30. Bg4 Nd4 31. Nxd4 exd4 32. Bxf5 Rxf5 33. Rxd4 Bg7 34. Re4
Rf8 35. c5 Qc7 36. cxd6 Qxd6 37. Re8 Rf7 38. Rxf8+ Rxf8 39. g3 Qc6 40. Nb2 a4
41. Rd1 a3 42. Nc4 Qa4 43. Ne5 Qb3 44. Rd2 Qb1+ 45. Kg2 Qb7+ 46. f3 Ra8 47. Kh3
a2 48. Rxa2 Rxa2 49. Nxg6+ hxg6 50. Qxa2 Qxf3 51. Qc4 Qf5+ 52. Kg2 Be5 53. Qd5
Kg7 54. Qc4 Qd7 55. Qe4 Qd2+ 56. Kh3 Qd7+ 57. Kg2 Bf6 58. h4 Qd6 59. Kh3 Be5 60.
h5 gxh5 61. Qf5 Kh6 62. Qf3 Qe6+ 63. Kg2 Bd6 64. Qd3 Qa2+ 65. Kh3 Qe6+ 66. Kg2
Bc5 67. Qf3 Be3 68. Qf8+ Kg6 69. Qf3 Kg5 70. Qa8 Bb6 71. Qf3 Bc7 72. Qf2 Bb6 73.
Qf4+ Kg6 74. Qf3 Qc4 75. Kh3 Qc8+ 76. g4 Kg7 77. Kh4 Bf2+ 78. Kxh5 Qe8+ 79. Kg5
Qe5+ 0-1

[Event "40th Olympiad Open"]
[Site "Istanbul TUR"]
[Date "2012.09.06"]
[Round "9.7"]
[Board "3"]
[White "Perunovic, Milos"]
[Black "Felgaer, Ruben"]
[Result "1/2-1/2"]
[WhiteTitle "GM"]
[BlackTitle "GM"]
[WhiteElo "2614"]
[BlackElo "2570"]
[WhiteTeam "Serbia"]
[BlackTeam "Argentina"]
[WhiteFideId "921629"]
[BlackFideId "107069"]
[EventDate "2012.08.28"]

1. e4 c5 2. Nf3 e6 3. d4 cxd4 4. Nxd4 a6 5. Bd3 Bc5 6. Nb3 Ba7 7. Qe2 Nc6 8. Be3
d6 9. O-O e5 10. c4 Nf6 11. Bxa7 Rxa7 12. Nc3 O-O 13. Qe3 Be6 14. Rfd1 Qb8 15.
Rac1 b6 16. Be2 Rc8 17. h3 h6 18. Kh2 Ne7 19. Nd2 Rac7 20. a4 Nc6 21. Nf3 Nd4
22. Nxd4 exd4 23. Rxd4 Bxc4 24. Rcd1 b5 25. axb5 axb5 26. Kg1 b4 27. Bxc4 Rxc4
28. Ne2 Rxd4 29. Rxd4 Rc2 30. Qd3 Rxb2 31. e5 Qe8 32. exf6 Qxe2 33. Qg3 Qe1+ 34.
Kh2 Qe5 35. Rxd6 Qxg3+ 36. Kxg3 g5 37. Rd7 Rc2 38. Rb7 Rc3+ 39. f3 b3 40. Kg4
Rc4+ 41. Kg3 Rc3 42. Kg4 Rc4+ 1/2-1/2

[Event "40th Olympiad Open"]
[Site "Istanbul TUR"]
[Date "2012.09.06"]
[Round "9.9"]
[Board "3"]
[White "Sanikidze, Tornike"]
[Black "Gupta, Abhijeet"]
[Result "0-1"]
[WhiteTitle "GM"]
[BlackTitle "GM"]
[WhiteElo "2585"]
[BlackElo "2637"]
[WhiteTeam "Georgia"]
[BlackTeam "India"]
[WhiteFideId "13602608"]
[BlackFideId "5010608"]
[EventDate "2012.08.28"]

1. d4 Nf6 2. c4 g6 3. Nc3 d5 4. Bf4 Bg7 5. e3 O-O 6. Nf3 c5 7. dxc5 Ne4 8. Rc1
Nd7 9. cxd5 Qa5 10. Nd4 Nxc3 11. bxc3 Nxc5 12. Bc4 Bd7 13. O-O Na4 14. Qb3 Nb6
15. Bb5 Bxd4 16. Bxd7 Bg7 17. Bb5 a6 18. Be2 Nxd5 19. c4 Nxf4 20. exf4 b6 21.
Rfd1 Rad8 22. g3 Bd4 23. Bf3 Rd6 24. Rc2 Rfd8 25. Rcd2 Qc5 26. Kg2 R8d7 27. Qa4
a5 28. Qb5 Qc7 29. Rd3 Bc5 30. Rxd6 Rxd6 31. Rxd6 Qxd6 32. Qb2 a4 33. Qe2 a3 34.
Qc2 Qd4 35. Bc6 Qa1 36. Qe2 Qb2 37. Kf3 e6 38. Ba4 Kf8 39. Bb3 Bd4 40. Qc2 Ke7
41. Ke2 Kd6 42. Kf3 Kc5 43. Ke2 Kb4 44. Kf3 h6 45. h4 h5 46. Ke2 Bc5 47. Kf3 Bd4
48. Ke2 Kc5 49. Kf3 Qa1 50. Qd1 Qc3+ 51. Ke2 Qb2+ 52. Qc2 Kb4 53. Kf3 Qxc2 54.
Bxc2 Kxc4 55. Bb3+ Kc3 56. Ke2 b5 57. Bd1 Kb2 58. Bb3 Kc1 59. Ke1 Bb6 60. Ke2
Kb2 61. Ke1 Kc3 62. Ke2 Kd4 63. Bc2 Bc7 64. Bd3 b4 65. Bc2 Bd8 66. Kd2 Be7 67.
Ke2 Bf8 68. Bb3 Bg7 69. Bc2 Bh6 70. Ba4 Bf8 71. Bb3 Be7 72. Ba4 Bd8 73. Bc2 Bc7
74. Ba4 Bxf4 75. gxf4 Ke4 76. Kd2 Kxf4 77. Kc2 f5 78. Bc6 e5 79. Bg2 e4 80. Kb3
Ke5 81. Kxb4 Kd4 82. Kxa3 Kd3 83. Bf1+ Kd2 84. Kb2 Ke1 85. Bc4 Kxf2 86. a4 e3
87. a5 f4 88. a6 f3 89. a7 e2 90. a8=Q e1=Q 91. Qd5 Kg2 92. Bd3 Qxh4 93. Be4 Qf4
94. Kb1 h4 95. Bxg6 h3 96. Be4 h2 97. Qg8+ Kf2 98. Qa2+ Ke3 99. Bxf3 Qb4+ 100.
Kc1 Qe1+ 101. Bd1 Qc3+ 102. Kb1 Qb4+ 103. Kc1 Qc5+ 104. Kb1 h1=Q 105. Qe2+ Kf4 0-1

[Event "40th Olympiad Open"]
[Site "Istanbul TUR"]
[Date "2012.09.06"]
[Round "9.10"]
[Board "2"]
[White "Short, Nigel D"]
[Black "Nguyen, Ngoc Truong Son"]
[Result "1/2-1/2"]
[WhiteTitle "GM"]
[BlackTitle "GM"]
[WhiteElo "2698"]
[BlackElo "2639"]
[WhiteTeam "England"]
[BlackTeam "Vietnam"]
[WhiteFideId "400025"]
[BlackFideId "12401110"]
[EventDate "2012.08.28"]

1. e4 e6 2. d4 d5 3. Nc3 dxe4 4. Nxe4 Bd7 5. Nf3 Bc6 6. Bd3 Nd7 7. c4 Ngf6 8.
Nc3 Bxf3 9. Qxf3 c5 10. d5 Ne5 11. Qe2 Nxd3+ 12. Qxd3 exd5 13. cxd5 Bd6 14. O-O
O-O 15. h3 Be5 16. Rd1 Bd4 17. Be3 Nxd5 18. Bxd4 cxd4 19. Nxd5 Qxd5 20. Qxd4
Qxd4 21. Rxd4 f6 22. Rad1 Rae8 23. Kf1 Re7 24. Rc1 Rfe8 25. g4 Re2 26. Rc7 R8e7
27. Rxe7 Rxe7 28. a4 Kf7 29. Kg2 Re2 30. Rd7+ Re7 31. Rd4 Re2 1/2-1/2

[Event "40th Olympiad Open"]
[Site "Istanbul TUR"]
[Date "2012.09.06"]
[Round "9.10"]
[Board "3"]
[White "Nguyen, Van Huy"]
[Black "Howell, David W L"]
[Result "1-0"]
[WhiteTitle "IM"]
[BlackTitle "GM"]
[WhiteElo "2506"]
[BlackElo "2635"]
[WhiteTeam "Vietnam"]
[BlackTeam "England"]
[WhiteFideId "12401064"]
[BlackFideId "410608"]
[EventDate "2012.08.28"]

1. d4 Nf6 2. Nf3 g6 3. g3 Bg7 4. Bg2 d5 5. O-O O-O 6. c4 dxc4 7. Na3 c3 8. bxc3
c5 9. e3 Nc6 10. Qe2 Bf5 11. Rd1 Qb6 12. Bb2 Rfd8 13. Nc4 Qa6 14. Bf1 Qa4 15.
Nce5 Nxe5 16. Nxe5 Rac8 17. Qc4 Qe8 18. Qb3 Nd7 19. Nxd7 Bxd7 20. a4 Bg4 21. Rd2
Bf3 22. Bg2 Bxg2 23. Kxg2 Rd7 24. Rad1 Qd8 25. Ba3 e6 26. Bb2 h5 27. h3 e5 28.
d5 c4 29. Qc2 f5 30. e4 f4 31. d6 Qf6 32. Rd5 Rf8 33. gxf4 Qxf4 34. Qe2 Qg5+ 35.
Kh2 Rdf7 36. Rf1 Qf4+ 37. Kg2 Qg5+ 38. Kh2 Rf3 39. d7 Qf4+ 40. Kg2 Qg5+ 41. Kh2
Qd8 42. Ba3 R8f7 43. Be7 Rxe7 44. Qxf3 Rxd7 45. Qd1 Rxd5 46. Qxd5+ Qxd5 47. exd5
Bf8 48. Re1 Kf7 49. Re4 Bc5 50. Rxc4 b6 51. Re4 Kf6 52. Kg2 Kf5 53. f3 g5 54. a5
b5 55. a6 Bd6 56. Re1 b4 57. cxb4 Bxb4 58. Re4 Ba5 59. Kf1 Kf6 60. Ke2 Bc7 61.
Kd3 Ke7 62. Rc4 Kd7 63. Ke4 1-0

[Event "40th Olympiad Open"]
[Site "Istanbul TUR"]
[Date "2012.09.06"]
[Round "9.10"]
[Board "4"]
[White "Pert, Nicholas"]
[Black "Nguyen, Duc Hoa"]
[Result "1/2-1/2"]
[WhiteTitle "GM"]
[BlackTitle "IM"]
[WhiteElo "2555"]
[BlackElo "2505"]
[WhiteTeam "England"]
[BlackTeam "Vietnam"]
[WhiteFideId "403989"]
[BlackFideId "12401358"]
[EventDate "2012.08.28"]

1. Nf3 Nf6 2. g3 g6 3. Bg2 Bg7 4. c4 c6 5. O-O O-O 6. b3 d5 7. Bb2 Bg4 8. d3
Bxf3 9. Bxf3 e6 10. Nd2 Qe7 11. e3 a5 12. a3 Nbd7 13. Qc2 Ne8 14. Bg2 Bxb2 15.
Qxb2 Qf6 16. d4 Nd6 17. Rfc1 Rfd8 18. Rab1 Ra7 19. Qc2 Qf5 20. Qd1 Qf6 21. Qc2
Qf5 22. Qd1 Qf6 23. Bf1 Qf5 24. cxd5 exd5 25. Rb2 Rda8 26. Rbc2 Kg7 27. Qf3 Qe6
28. Bd3 Qe7 29. b4 axb4 30. axb4 Ra1 31. b5 Rxc1+ 32. Rxc1 Ra2 33. Nf1 Ne4 34.
Bxe4 dxe4 35. Qd1 Qb4 36. bxc6 bxc6 37. Rb1 Qa5 38. g4 Nf6 39. Ng3 Qg5 40. Qb3
Ra5 41. Qc3 Ra2 42. h3 h5 43. Qc4 Ra7 44. Qxc6 hxg4 45. Nxe4 Nxe4 46. Qxe4 gxh3+
47. Kh2 Ra2 48. Qf3 Qh4 49. Rf1 Ra5 50. d5 Ra2 1/2-1/2

[Event "40th Olympiad Open"]
[Site "Istanbul TUR"]
[Date "2012.09.06"]
[Round "9.11"]
[Board "2"]
[White "Sebenik, Matej"]
[Black "Filippov, Anton UZB"]
[Result "0-1"]
[WhiteTitle "GM"]
[BlackTitle "GM"]
[WhiteElo "2552"]
[BlackElo "2617"]
[WhiteTeam "Slovenia"]
[BlackTeam "Uzbekistan"]
[WhiteFideId "14602296"]
[BlackFideId "14200988"]
[EventDate "2012.08.28"]

1. c4 Nf6 2. Nc3 e5 3. Nf3 Nc6 4. g3 Bc5 5. Bg2 O-O 6. O-O Re8 7. e3 d6 8. d4
exd4 9. exd4 Bb6 10. h3 h6 11. Na4 Bf5 12. a3 Qd7 13. g4 Be4 14. Be3 Rad8 15.
Nxb6 axb6 16. d5 Na5 17. Rc1 b5 18. cxb5 Qxb5 19. b4 Nc4 20. Bd4 Ne5 21. Nxe5
Bxg2 22. Nxf7 Bxf1 23. Nxd8 Be2 24. Qc2 Nxd5 25. Qg6 Qd7 26. Nxb7 Ba6 27. Bxg7
Nf4 28. Qxh6 Ne2+ 29. Kh2 Nxc1 30. Ba1 Qh7 31. Qg5+ Kf8 32. Qf6+ Qf7 33. Qh6+
Ke7 34. Qg5+ Kd7 0-1

[Event "40th Olympiad Open"]
[Site "Istanbul TUR"]
[Date "2012.09.06"]
[Round "9.11"]
[Board "3"]
[White "Dzhumaev, Marat"]
[Black "Borisek, Jure"]
[Result "1/2-1/2"]
[WhiteTitle "GM"]
[BlackTitle "GM"]
[WhiteElo "2499"]
[BlackElo "2554"]
[WhiteTeam "Uzbekistan"]
[BlackTeam "Slovenia"]
[WhiteFideId "14200236"]
[BlackFideId "14603152"]
[EventDate "2012.08.28"]

1. d4 d5 2. Nc3 Bf5 3. Bg5 Nf6 4. Bxf6 gxf6 5. e3 e6 6. Bd3 Bg6 7. Nf3 c5 8.
dxc5 Bxc5 9. e4 d4 10. Ne2 Nc6 11. a3 Qc7 12. Nd2 O-O-O 13. b4 Be7 14. f4 Bh5
15. O-O Bd6 16. Nc4 Bxf4 17. Rxf4 Bxe2 18. Qd2 Ne5 19. Bxe2 Nxc4 20. Bxc4 Qxc4
21. Qd3 Qxd3 22. cxd3 Kd7 23. Rxf6 Ke7 24. Raf1 Rhf8 25. Rh6 Rh8 26. Rhf6 Rhf8
27. Rh6 Rh8 28. Rf4 Rc8 29. e5 Rc3 30. Rxd4 Rxa3 31. Kf2 Ra2+ 32. Kf3 Rc8 33. g3
Rcc2 34. h4 Rf2+ 35. Kg4 Rae2 36. Rc4 Rxe5 37. Rxh7 Rd5 38. Rc7+ Rd7 39. Rxd7+
Kxd7 40. h5 Ke7 41. Rh8 Rb2 42. h6 Rxb4+ 43. Kf3 Rb1 44. g4 Kf6 45. Rg8 Rh1 46.
Kg2 Rh4 47. Kg3 Rh1 48. Kg2 Rh4 49. Kg3 Rh1 50. Kg2 1/2-1/2

[Event "40th Olympiad Open"]
[Site "Istanbul TUR"]
[Date "2012.09.06"]
[Round "9.12"]
[Board "4"]
[White "Babula, Vlastimil"]
[Black "Neubauer, Martin"]
[Result "1-0"]
[WhiteTitle "GM"]
[BlackTitle "IM"]
[WhiteElo "2595"]
[BlackElo "2442"]
[WhiteTeam "Czech Republic"]
[BlackTeam "Austria"]
[WhiteFideId "301264"]
[BlackFideId "1602675"]
[EventDate "2012.08.28"]

1. d4 d5 2. c4 c6 3. Nf3 Nf6 4. Nc3 dxc4 5. a4 Bf5 6. Nh4 Bg4 7. h3 Bh5 8. g4
Bg6 9. Nxg6 hxg6 10. e4 e5 11. Bxc4 exd4 12. e5 Bb4 13. exf6 dxc3 14. Qxd8+ Kxd8
15. O-O gxf6 16. Rd1+ Nd7 17. bxc3 Bc5 18. Bxf7 Ke7 19. Bxg6 Rxh3 20. Kg2 Rah8
21. Bh5 Rxc3 22. Ra2 Ne5 23. Re2 Kf8 24. Bb2 Rc4 25. Rxe5 fxe5 26. Rd8+ 1-0

[Event "40th Olympiad Open"]
[Site "Istanbul TUR"]
[Date "2012.09.06"]
[Round "9.13"]
[Board "2"]
[White "Zhigalko, Andrey"]
[Black "Vescovi, Giovanni"]
[Result "1/2-1/2"]
[WhiteTitle "GM"]
[BlackTitle "GM"]
[WhiteElo "2582"]
[BlackElo "2617"]
[WhiteTeam "Belarus"]
[BlackTeam "Brazil"]
[WhiteFideId "13502247"]
[BlackFideId "2100789"]
[EventDate "2012.08.28"]

1. e4 e6 2. d4 d5 3. Nc3 Nf6 4. e5 Nfd7 5. f4 c5 6. Nf3 Nc6 7. Be3 Be7 8. dxc5
Nxc5 9. Qd2 O-O 10. O-O-O Qa5 11. Kb1 Rd8 12. Nd4 Bf8 13. g4 Bd7 14. h4 b5 15.
Ncxb5 Nb4 16. a3 Ne4 17. Qe1 Rab8 18. Bd2 Nxd2+ 19. Qxd2 Nc6 20. Nxc6 Qxd2 21.
Rxd2 Bxc6 22. Nd4 Bd7 23. Rh3 f6 24. exf6 gxf6 25. Bg2 Kg7 26. Re2 Rb6 27. Rhe3
Rdb8 28. b4 a5 29. Nxe6+ Bxe6 30. Rxe6 axb4 31. a4 Rxe6 32. Rxe6 Ra8 33. Rc6 h6
34. Bxd5 Rxa4 35. Rc7+ Kh8 36. g5 hxg5 37. fxg5 fxg5 38. hxg5 Bd6 39. Rc8+ Kg7
40. Rg8+ Kh7 41. g6+ Kh6 42. Ra8 1/2-1/2

[Event "40th Olympiad Open"]
[Site "Istanbul TUR"]
[Date "2012.09.06"]
[Round "9.13"]
[Board "4"]
[White "Stupak, Kirill"]
[Black "Milos, Gilberto"]
[Result "1/2-1/2"]
[WhiteTitle "GM"]
[BlackTitle "GM"]
[WhiteElo "2523"]
[BlackElo "2593"]
[WhiteTeam "Belarus"]
[BlackTeam "Brazil"]
[WhiteFideId "13503758"]
[BlackFideId "2100029"]
[EventDate "2012.08.28"]

1. d4 Nf6 2. c4 g6 3. g3 Bg7 4. Bg2 O-O 5. Nf3 d5 6. O-O dxc4 7. Na3 Nc6 8. Nxc4
Be6 9. b3 a5 10. a4 Qc8 11. Ba3 Bh3 12. Nfe5 Bxg2 13. Kxg2 Qe6 14. Nxc6 Qxc6+
15. f3 Nd5 16. e4 Nb6 17. Bxe7 Nxc4 18. bxc4 Rfe8 19. Bg5 Qxc4 20. Rc1 Qxd4 21.
Qxd4 Bxd4 22. Rxc7 Rac8 23. Rd7 Rc2+ 24. Kh3 Re5 25. Kg4 f5+ 26. Kh3 Bb2 27.
Rxb7 fxe4 28. Rd1 Ba3 29. Rd8+ Bf8 30. Be7 Rh5+ 31. Kg4 Rf5 32. Rbb8 h5+ 33. Kh3
Kf7 34. Bxf8 exf3 35. Rb7+ Ke6 36. Rd6+ Ke5 37. Rb5+ Ke4 38. Re6+ Kd3 39. Rxf5
gxf5 40. Re5 Rc4 41. Bh6 Re4 42. Rxa5 Ke2 43. Rxf5 h4 44. gxh4 f2 45. h5 f1=Q+
46. Rxf1 Kxf1 47. Bg7 Rxa4 48. h6 Ra3+ 49. Kg4 Kg2 50. Be5 Ra6 51. Kg5 Ra5 52.
Kf5 Ra6 53. Bf6 Kxh2 54. h7 Ra8 55. Ke6 Kh3 56. Kf7 Kg4 57. Bg7 Kf5 58. Bf8 Ra7+
59. Be7 Ra8 60. Kg7 Ke6 61. Bf8 Ra7+ 62. Kg8 Rxh7 63. Kxh7 Kd5 64. Kg6 1/2-1/2

[Event "40th Olympiad Open"]
[Site "Istanbul TUR"]
[Date "2012.09.06"]
[Round "9.15"]
[Board "4"]
[White "Samolins, Vitalijs"]
[Black "Bacallao Alonso, Yusnel"]
[Result "0-1"]
[WhiteTitle "IM"]
[BlackTitle "IM"]
[WhiteElo "2404"]
[BlackElo "2583"]
[WhiteTeam "Latvia"]
[BlackTeam "Cuba"]
[WhiteFideId "11602112"]
[BlackFideId "3507416"]
[EventDate "2012.08.28"]

1. e4 c6 2. d4 d5 3. Nc3 dxe4 4. Nxe4 Bf5 5. Ng3 Bg6 6. h4 h6 7. Nf3 Nd7 8. h5
Bh7 9. Bd3 Bxd3 10. Qxd3 Ngf6 11. Bd2 e6 12. O-O-O Be7 13. Kb1 O-O 14. Ne4 Nxe4
15. Qxe4 Nf6 16. Qe2 Qd5 17. Be3 Bd6 18. c4 Qf5+ 19. Ka1 b5 20. Nh4 Qxh5 21. g4
Nxg4 22. Rdg1 f5 23. Bxh6 Bh2 24. Qxe6+ Qf7 25. Rxg4 fxg4 26. Qxg4 Rae8 27. Nf5
Re6 28. cxb5 cxb5 29. b3 Qc7 30. Rc1 Re1 31. Kb2 Rxc1 32. Bxc1 b4 33. Bd2 a5 34.
f4 Bxf4 0-1

[Event "40th Olympiad Open"]
[Site "Istanbul TUR"]
[Date "2012.09.06"]
[Round "9.16"]
[Board "2"]
[White "Kobese, Watu"]
[Black "Georgiev, Kiril"]
[Result "1-0"]
[WhiteTitle "IM"]
[BlackTitle "GM"]
[WhiteElo "2363"]
[BlackElo "2682"]
[WhiteTeam "South Africa"]
[BlackTeam "Bulgaria"]
[WhiteFideId "14300141"]
[BlackFideId "2900017"]
[EventDate "2012.08.28"]

1. e4 Nf6 2. e5 Nd5 3. Nf3 d6 4. Bc4 Nb6 5. Bb3 Nc6 6. Qe2 Bf5 7. a4 e6 8. a5
Nd7 9. a6 b6 10. Ba4 Ncxe5 11. Nxe5 dxe5 12. Qxe5 Bxc2 13. Bc6 Bf5 14. Nc3 f6
15. Qe2 Kf7 16. d4 Rc8 17. O-O Nb8 18. Bb7 Bb4 19. g4 Bg6 20. d5 exd5 21. Nxd5
Re8 22. Qc4 Re4 23. Qb3 Rxg4+ 24. Kh1 Kf8 25. Nxb4 c5 26. Nd5 Nc6 27. Nf4 Qd7
28. Qe6 Bf5 29. Bxc8 Qxc8 30. Qxc8+ Bxc8 31. f3 Rg5 32. Bd2 Rf5 33. Kg2 Kf7 34.
Ne2 Rd5 35. Bc3 Rd7 36. Rfc1 Nb8 37. Rd1 Re7 38. Ng3 Bxa6 39. Ne4 Kg6 40. b4 c4
41. Kf2 h6 42. Rg1+ Kh7 43. Bxf6 Rf7 44. Bc3 Bb7 45. Ke3 a6 46. Rad1 Nc6 47.
Bxg7 1-0

[Event "40th Olympiad Open"]
[Site "Istanbul TUR"]
[Date "2012.09.06"]
[Round "9.16"]
[Board "4"]
[White "Johannes Manyedi, Mabusela"]
[Black "Delchev, Aleksander"]
[Result "0-1"]
[WhiteTitle "IM"]
[BlackTitle "GM"]
[WhiteElo "2306"]
[BlackElo "2596"]
[WhiteTeam "South Africa"]
[BlackTeam "Bulgaria"]
[WhiteFideId "14300702"]
[BlackFideId "2900394"]
[EventDate "2012.08.28"]

1. d4 Nf6 2. Nf3 e6 3. e3 b6 4. Bd3 Bb7 5. O-O c5 6. c4 Be7 7. Nc3 a6 8. Qe2 d6
9. Rd1 Nbd7 10. a3 O-O 11. b4 Rc8 12. bxc5 dxc5 13. d5 exd5 14. cxd5 c4 15. Bf5
Bd6 16. e4 Qc7 17. Bg5 Rce8 18. Qc2 b5 19. g3 h6 20. Be3 Nc5 21. Nd4 Qe7 22.
Bxh6 gxh6 23. Qc1 Nh7 24. Qxh6 f6 25. Be6+ Kh8 26. Nf5 Qc7 27. Nh4 Nxe6 28. dxe6
Rxe6 29. Nd5 Qg7 30. Ng6+ Kg8 31. Qxg7+ Kxg7 32. Nxf8 Kxf8 33. f3 f5 34. exf5
Re2 35. Nf4 Bxf4 36. gxf4 Nf6 37. Rd6 Ke7 38. Rb6 Bxf3 39. Rxa6 Rg2+ 40. Kf1 Ng4
41. Re1+ Kf8 42. Ree6 Rxh2 43. Ke1 c3 0-1

[Event "40th Olympiad Open"]
[Site "Istanbul TUR"]
[Date "2012.09.06"]
[Round "9.17"]
[Board "1"]
[White "Al-Modiahki, Mohamad"]
[Black "Mastrovasilis, Dimitrios"]
[Result "0-1"]
[WhiteTitle "GM"]
[BlackTitle "GM"]
[WhiteElo "2542"]
[BlackElo "2618"]
[WhiteTeam "Qatar"]
[BlackTeam "Greece"]
[WhiteFideId "12100030"]
[BlackFideId "4202694"]
[EventDate "2012.08.28"]

1. e4 e5 2. Nf3 Nc6 3. Bb5 Nf6 4. O-O Nxe4 5. d4 Nd6 6. Ba4 e4 7. Re1 Be7 8. Ne5
O-O 9. Nc3 a6 10. Bf4 b5 11. Bb3 Na5 12. Bd5 c6 13. Bxe4 Nxe4 14. Nxe4 d6 15.
Nd3 Be6 16. Qf3 Nb7 17. Nb4 Rc8 18. d5 cxd5 19. Nc3 d4 20. Ncd5 Re8 21. Nc6 Bxd5
22. Qxd5 Qc7 23. Nxd4 Bf6 24. c3 Be5 25. Bg3 Na5 26. Nf3 Nc4 27. Nxe5 dxe5 28.
b3 Nb6 29. Qf3 f6 30. Rac1 Red8 31. Qe2 Nd5 32. c4 Nb4 33. Red1 Rxd1+ 34. Rxd1
bxc4 35. bxc4 Rd8 36. a3 Nc6 37. h3 Nd4 38. Qd3 Ne6 39. Qe2 Rxd1+ 40. Qxd1 Qxc4
41. Qd7 h6 42. Kh2 Kh7 43. f3 a5 44. a4 Nd4 45. Bf2 Qc6 46. Qxc6 Nxc6 47. Bb6
Kg6 48. Kg1 Kf5 49. Kf2 Ke6 50. Ke3 f5 51. g4 g6 52. Kd3 Kd5 53. gxf5 gxf5 54.
Bc7 Kc5 55. Kc3 h5 56. f4 e4 57. h4 e3 58. Kd3 Kb4 59. Kxe3 Kxa4 60. Kd3 Kb4 61.
Bxa5+ Nxa5 62. Kd4 Nc4 63. Kd5 Kc3 64. Ke6 Ne3 65. Kf6 Kd4 66. Kg5 Ke4 67. Kxh5
Ng2 0-1

[Event "40th Olympiad Open"]
[Site "Istanbul TUR"]
[Date "2012.09.06"]
[Round "9.17"]
[Board "3"]
[White "Nezad, Husein Aziz"]
[Black "Kotronias, Vasilios"]
[Result "0-1"]
[WhiteTitle "IM"]
[BlackTitle "GM"]
[WhiteElo "2393"]
[BlackElo "2589"]
[WhiteTeam "Qatar"]
[BlackTeam "Greece"]
[WhiteFideId "12100293"]
[BlackFideId "5900212"]
[EventDate "2012.08.28"]

1. d4 Nf6 2. c4 e6 3. Nc3 Bb4 4. Qc2 Nc6 5. Nf3 d6 6. Bd2 Qe7 7. a3 Bxc3 8. Bxc3
e5 9. d5 Nb8 10. g3 a5 11. b3 O-O 12. Bg2 Ng4 13. h3 Nh6 14. Bd2 e4 15. Nd4 Nf5
16. Bc3 Nxd4 17. Bxd4 f5 18. O-O c5 19. Bc3 Nd7 20. Kh2 b5 21. cxb5 Nb6 22. Qd2
Bb7 23. Bxa5 Nxd5 24. e3 g5 25. Bc3 h5 26. a4 Kh7 27. a5 Rae8 28. Rad1 f4 29.
gxf4 gxf4 30. Rg1 f3 31. Bf1 Nxc3 32. Qxc3 d5 33. b6 Rg8 34. Bb5 Qd6+ 35. Kh1
Qe6 0-1

[Event "40th Olympiad Open"]
[Site "Istanbul TUR"]
[Date "2012.09.06"]
[Round "9.17"]
[Board "4"]
[White "Halkias, Stelios"]
[Black "Al-Sulaiti, Ghanem"]
[Result "1-0"]
[WhiteTitle "GM"]
[BlackTitle "FM"]
[WhiteElo "2574"]
[BlackElo "2178"]
[WhiteTeam "Greece"]
[BlackTeam "Qatar"]
[WhiteFideId "4201809"]
[BlackFideId "12100358"]
[EventDate "2012.08.28"]

1. d4 d5 2. c4 e6 3. Nf3 Nf6 4. g3 c6 5. Bg2 dxc4 6. O-O Bd6 7. a4 O-O 8. Qc2
Bc7 9. Na3 Nbd7 10. Nxc4 Nb6 11. Nce5 Nbd5 12. b3 Nb4 13. Qb1 Nfd5 14. Bd2 f6
15. Nc4 a5 16. e4 Ne7 17. Bc3 Bd7 18. Qb2 c5 19. Rad1 cxd4 20. Bxb4 axb4 21.
Qxd4 Bc6 22. Qc5 Qe8 23. Nd4 Qf7 24. Qxb4 e5 25. Nb5 Nc8 26. Bh3 Na7 27. Nxc7
Qxc7 28. Nd6 g6 29. Rd2 Kh8 30. Rfd1 Qe7 31. Qc4 h5 32. Qc3 Qg7 33. Qe3 Kh7 34.
Nc4 Nc8 35. Be6 Ne7 36. Nb6 Rae8 37. Nd7 Rh8 38. Bc4 Nc8 39. Nc5 Qh6 40. Qf3 f5
41. Bd5 Ne7 42. Bxc6 bxc6 43. Rd7 Qg5 44. Ne6 Qf6 45. exf5 Kg8 46. Nc7 Rb8 47.
R1d6 Qg5 48. fxg6 Nf5 49. Ne6 Qxg6 50. Qxf5 1-0

[Event "40th Olympiad Open"]
[Site "Istanbul TUR"]
[Date "2012.09.06"]
[Round "9.18"]
[Board "2"]
[White "Darini, Pouria"]
[Black "Salgado Lopez, Ivan"]
[Result "1-0"]
[WhiteTitle "IM"]
[BlackTitle "GM"]
[WhiteElo "2503"]
[BlackElo "2638"]
[WhiteTeam "Iran"]
[BlackTeam "Spain"]
[WhiteFideId "12502200"]
[BlackFideId "2257327"]
[EventDate "2012.08.28"]

1. e4 e5 2. Nf3 d6 3. d4 exd4 4. Nxd4 Nf6 5. Nc3 Be7 6. Bc4 O-O 7. O-O c6 8. Re1
b5 9. Bf1 a6 10. Bf4 Bd7 11. a3 Re8 12. h3 Bf8 13. Qf3 Qb6 14. Rad1 c5 15. Nf5
Nc6 16. Bg5 Ne5 17. Qf4 Ng6 18. Qf3 Ne5 19. Qf4 Ng6 20. Qc1 Nxe4 21. Nxg7 Bxg7
22. Nxe4 Re6 23. Ng3 Rxe1 24. Rxe1 d5 25. Nh5 Bh8 26. Qe3 Qe6 27. Qd2 Qd6 28.
Bf6 Bxf6 29. Qxd5 Qxd5 30. Nxf6+ Kg7 31. Nxd5 Rd8 32. Nc7 Bc8 33. c4 Rd2 34.
cxb5 axb5 35. Bxb5 Rxb2 36. Rc1 Bb7 37. Rxc5 Rb1+ 38. Kh2 Nf4 39. Rf5 Nd5 40.
Ne8+ Kg6 41. Bd3 1-0